[Event "Frankfurt Ch B 2017"]
[Site "Ffm-Höchst, BiKuZ"]
[Date "2017.06.12"]
[Round "7.1"]
[White "Gade, Bernt"]
[Black "Bär, Christian"]
[Result "1/2-1/2"]
[WhiteElo "1447"]
[BlackElo "1469"]
[PlyCount "46"]
[EventDate "2017.??.??"]
[WhiteTeam "FV Berkersheim"]
[BlackTeam "SC Steinbach"]

1. e4 e5 2. Nf3 Nc6 3. Bb5 a6 4. Ba4 b5 5. Bb3 d6 6. d4 exd4 7. Nxd4 Nxd4 8.
Qxd4 c5 9. Qd5 Be6 10. Qc6+ Bd7 11. Qd5 c4 12. Bxc4 bxc4 13. Qxc4 Bb5 14. Qd4
Nf6 15. c4 Bc6 16. O-O Be7 17. Nc3 O-O 18. Rb1 Rb8 19. b4 Nd7 20. Be3 Bf6 21.
Qxd6 Bxc3 22. Qxc6 Rxb4 23. Qxa6 Qa8 1/2-1/2

[Event "Frankfurt Ch B 2017"]
[Site "Ffm-Höchst, BiKuZ"]
[Date "2017.06.12"]
[Round "7.2"]
[White "Mayer, Andreas"]
[Black "Björknes, Uwe"]
[Result "1/2-1/2"]
[WhiteElo "1434"]
[BlackElo "1450"]
[PlyCount "24"]
[EventDate "2017.??.??"]
[WhiteTeam "SF Frankfurt"]
[BlackTeam "SC Bergen-Enkheim"]

1. e4 e6 2. Bb5 c6 3. Ba4 d5 4. exd5 exd5 5. Qe2+ Qe7 6. Qxe7+ Bxe7 7. Ne2 a5
8. c3 Bf5 9. O-O Nd7 10. Nd4 Bd3 11. Re1 Nc5 12. Bc2 Kd7 1/2-1/2

[Event "Frankfurt Ch B 2017"]
[Site "Ffm-Höchst, BiKuZ"]
[Date "2017.06.12"]
[Round "7.3"]
[White "Kiel, Gerhard"]
[Black "Both, Günter"]
[Result "1/2-1/2"]
[WhiteElo "1441"]
[BlackElo "1427"]
[PlyCount "87"]
[EventDate "2017.??.??"]
[WhiteTeam "vereinslos"]
[BlackTeam "SK Bischofsheim"]

1. d4 d5 2. Nf3 Nf6 3. Bf4 e6 4. e3 Bd6 5. Bg5 Be7 6. Nbd2 Nbd7 7. Bd3 O-O 8.
c3 c5 9. Rc1 c4 10. Bb1 b5 11. Ne5 Bb7 12. Nxd7 Nxd7 13. Bxe7 Qxe7 14. Nf3 e5
15. dxe5 Nxe5 16. Nd4 Qd7 17. Bf5 Qe8 18. O-O g6 19. Bc2 f5 20. Re1 a6 21. h3
Rf6 22. f4 Nc6 23. Nxc6 Bxc6 24. Qd4 Re6 25. Kh2 Qe7 26. Re2 Qa7 27. Rce1 Qxd4
28. exd4 Rxe2 29. Rxe2 Re8 30. Re5 Kf7 31. g4 fxg4 32. hxg4 Rxe5 33. fxe5 h6
34. Kg3 g5 35. Bf5 a5 36. Bc2 b4 37. Kf3 Ke7 38. Ke3 bxc3 39. bxc3 Kd7 40. Kd2
a4 41. Kc1 a3 42. Bf5+ Ke7 43. Bc2 Ke6 44. Bf5+ 1/2-1/2

[Event "Frankfurt Ch B 2017"]
[Site "Ffm-Höchst, BiKuZ"]
[Date "2017.06.12"]
[Round "7.4"]
[White "Brunner, Andreas"]
[Black "Mongi, Mario"]
[Result "1-0"]
[WhiteElo "1353"]
[BlackElo "1312"]
[PlyCount "55"]
[EventDate "2017.??.??"]
[WhiteTeam "FV Berkersheim"]
[BlackTeam "SC Sulzbach"]

1. d4 f5 2. Nf3 Nf6 3. Nc3 e6 4. a3 Be7 5. d5 O-O 6. Bf4 Ne4 7. g3 d6 8. dxe6
Nxc3 9. bxc3 Bxe6 10. Bg2 Bd7 11. Qd5+ Kh8 12. Rb1 c6 13. Qd3 Qc7 14. O-O Na6
15. Rfd1 Nc5 16. Qe3 Ne4 17. Nd2 g5 18. Nxe4 gxf4 19. Qd4+ Kg8 20. Nxd6 Be6 21.
Rxb7 Qxd6 22. Qxd6 Bxd6 23. Rxd6 Bc8 24. Rc7 fxg3 25. hxg3 a5 26. Bxc6 Rb8 27.
Bd5+ Kh8 28. Rh6 1-0

[Event "Frankfurt Ch B 2017"]
[Site "Ffm-Höchst, BiKuZ"]
[Date "2017.06.12"]
[Round "7.5"]
[White "Grünzig, Matthias"]
[Black "Mayer, Rolf"]
[Result "1/2-1/2"]
[WhiteElo "1312"]
[BlackElo "1340"]
[PlyCount "37"]
[EventDate "2017.??.??"]
[WhiteTeam "FV Berkersheim"]
[BlackTeam "SC Flörsheim"]

1. e4 d6 2. d4 Nf6 3. Nc3 g6 4. f4 Bg7 5. Nf3 O-O 6. Bd3 Nc6 7. O-O e5 8. fxe5
dxe5 9. d5 Nd4 10. Bg5 h6 11. Bxf6 Bxf6 12. Nxd4 exd4 13. Ne2 Bg4 14. h3 Bxe2
15. Qxe2 Qd6 16. Rf3 Be5 17. Qf2 a6 18. Rf1 Qe7 19. g4 1/2-1/2

[Event "Frankfurt Ch B 2017"]
[Site "Ffm-Höchst, BiKuZ"]
[Date "2017.06.12"]
[Round "7.6"]
[White "Wöhl, Torsten"]
[Black "Winter, Thomas"]
[Result "1/2-1/2"]
[WhiteElo "1338"]
[BlackElo "1303"]
[PlyCount "37"]
[EventDate "2017.??.??"]
[WhiteTeam "SC Groß-Zimmern"]
[BlackTeam "SV Oberursel"]

1. d4 d6 2. Bf4 Nf6 3. e3 g6 4. Nf3 Bg7 5. Nbd2 O-O 6. c3 b6 7. Bc4 Bb7 8. h3
Nbd7 9. O-O d5 10. Be2 c5 11. a4 a5 12. Ne5 Nxe5 13. Bxe5 Rc8 14. Nb1 e6 15.
Na3 Bc6 16. Bb5 cxd4 17. exd4 Bh6 18. Qf3 Ne4 19. Rfd1 1/2-1/2

[Event "Frankfurt Ch B 2017"]
[Site "Ffm-Höchst, BiKuZ"]
[Date "2017.06.12"]
[Round "7.7"]
[White "Pessotschinski, Eduard"]
[Black "Manasek, Martin"]
[Result "0-1"]
[WhiteElo "1155"]
[BlackElo "1362"]
[PlyCount "72"]
[EventDate "2017.??.??"]
[WhiteTeam "TuS Makkabi"]
[BlackTeam "Bad Vilbeler Sfr"]

1. e4 c5 2. c4 Nc6 3. Nc3 Nf6 4. Nf3 d6 5. d4 cxd4 6. Nxd4 e6 7. Be3 Be7 8.
Nxc6 bxc6 9. Qa4 Bd7 10. O-O-O O-O 11. Qb3 Rb8 12. Qa3 Ra8 13. c5 d5 14. Rd4
Ng4 15. Ra4 Qb8 16. Bd4 e5 17. Be3 d4 18. Rb4 Qc8 19. Bxd4 exd4 20. Ba6 Qc7 21.
Rxd4 Qf4+ 22. Kb1 Be6 23. f3 Nf6 24. Bb7 Rad8 25. Ne2 Qc7 26. Ba6 Rxd4 27. Nxd4
Rd8 28. Nxe6 fxe6 29. Bc4 Kf7 30. Qb3 Qe5 31. Rc1 Rb8 32. Bxe6+ Kf8 33. Qc3
Qxe6 34. Qe3 Nd5 35. Qe1 Nb4 36. Qg3 Qxa2# 0-1

[Event "Frankfurt Ch B 2017"]
[Site "Ffm-Höchst, BiKuZ"]
[Date "2017.06.12"]
[Round "7.9"]
[White "Wundram, Till"]
[Black "Dröser, Wolfgang"]
[Result "0-1"]
[WhiteElo "917"]
[BlackElo "1311"]
[Annotator "Schloessner,Henrik"]
[PlyCount "143"]
[EventDate "2017.??.??"]
[WhiteTeam "vereinslos"]
[BlackTeam "SC Sulzbach"]

1. d4 d6 2. Nf3 g6 3. b3 Bg7 4. Bb2 c6 5. e3 e6 6. Bd3 Qc7 7. Nbd2 b5 8. a3 Nd7
9. O-O Ne7 10. Rc1 Bb7 11. c4 a6 12. cxb5 axb5 13. Bxb5 O-O 14. Ba4 d5 15. b4
Nb6 16. Bb5 Qd6 17. Bd3 h6 18. Qe2 f5 19. Ne5 Kh7 20. f3 Bf6 21. e4 f4 22. Ng4
Bg5 23. e5 Qd8 24. Qe1 Nf5 25. g3 fxg3 26. hxg3 h5 27. f4 Be7 28. Nh2 Rh8 29.
Rf2 Nxg3 30. Rg2 h4 31. Ndf1 Nf5 32. Nf3 Kg7 33. Ng5 Bxg5 34. Rxg5 Rh6 35. Rc2
Qh8 36. Nh2 h3 37. Bxf5 exf5 38. Rc3 Rg8 39. Qf1 Kf8 40. Rgg3 Nc4 41. Bc1 Rg7
42. Rxh3 Rgh7 43. Rxh6 Rxh6 44. Qg2 Kf7 45. Rg3 Bc8 46. Nf3 Bd7 47. a4 Nb6 48.
a5 Nc8 49. Ng5+ Ke7 50. Rc3 Na7 51. Rh3 Rxh3 52. Nxh3 Qh5 53. Ba3 Qd1+ 54. Kh2
Nb5 55. Bb2 Nxd4 56. Bxd4 Qxd4 57. Qg5+ Ke8 58. Qxg6+ Kd8 59. e6 Qd2+ 60. Kg3
Qe1+ 61. Kh2 Bxe6 62. Qg1 Qxb4 63. Qb6+ Qxb6 64. axb6 Kc8 65. Ng5 Bd7 66. Nf3
Kb7 67. Kh3 Kxb6 68. Kh4 c5 69. Kg5 d4 70. Nh4 d3 71. Nxf5 Bxf5 72. Kxf5 0-1

[Event "Frankfurt Ch B 2017"]
[Site "Ffm-Höchst, BiKuZ"]
[Date "2017.06.12"]
[Round "7.10"]
[White "Barth, Horst"]
[Black "Arnold, Aaron"]
[Result "0-1"]
[WhiteElo "1292"]
[BlackElo "1163"]
[PlyCount "92"]
[EventDate "2017.??.??"]
[WhiteTeam "SF Mainz"]
[BlackTeam "SC Frankfurt-West"]

1. e4 c5 2. Nf3 d6 3. Bc4 h6 4. d3 Nc6 5. c3 Bg4 6. h3 Bxf3 7. Qxf3 Ne5 8. Qe2
Nxc4 9. dxc4 e5 10. O-O Nf6 11. Nd2 Be7 12. Nf3 Qb6 13. Nh4 g6 14. b3 Qc6 15.
Re1 Nh5 16. g3 Qd7 17. g4 Bxh4 18. gxh5 Rg8 19. Kh2 g5 20. Rg1 O-O-O 21. Qg4
Qxg4 22. hxg4 Bxf2 23. Rf1 Bh4 24. Rxf7 Rgf8 25. Rxf8 Rxf8 26. Be3 Rf3 27. Bg1
Rf4 28. Rd1 Kc7 29. Kh3 Rxe4 30. Rf1 Rf4 31. Rxf4 exf4 32. Kg2 Be1 33. Kf3 Kd7
34. Ke4 Bxc3 35. Kf5 Bg7 36. Bf2 Ke8 37. Ke6 Bd4 38. Be1 f3 39. Kf5 f2 40. Bxf2
Bxf2 41. Kg6 b5 42. Kxh6 bxc4 43. bxc4 d5 44. cxd5 c4 45. Kxg5 c3 46. Kg6 c2
0-1

[Event "Frankfurt Ch B 2017"]
[Site "Ffm-Höchst, BiKuZ"]
[Date "2017.06.12"]
[Round "7.11"]
[White "Häfner, Günther"]
[Black "Nebel, Marcel"]
[Result "0-1"]
[WhiteElo "940"]
[BlackElo "1191"]
[PlyCount "78"]
[EventDate "2017.??.??"]
[WhiteTeam "FV Berkersheim"]
[BlackTeam "SF Friedberg"]

1. e4 e6 2. d4 d5 3. Nd2 c5 4. c3 Nc6 5. Ngf3 Qb6 6. Nb3 dxe4 7. dxc5 Bxc5 8.
Nfd4 Nxd4 9. Nxd4 Nf6 10. b4 Bxd4 11. cxd4 Qxb4+ 12. Qd2 Nd5 13. Be2 O-O 14.
O-O Qxd2 15. Bxd2 Bd7 16. Rab1 b6 17. a3 Rfc8 18. Ba6 Rc2 19. Bb4 Bc8 20. Bb5
a6 21. Ba4 Rc4 22. Rfd1 a5 23. Bb3 Rc6 24. Be1 Ba6 25. Ba4 Rd6 26. Rdc1 Nf4 27.
Rd1 Ne2+ 28. Kh1 Nxd4 29. Bc3 e5 30. f4 f6 31. Bb3+ Kf8 32. Bc2 e3 33. fxe5
fxe5 34. Bxh7 Ke7 35. Bd3 e2 36. Rd2 Bxd3 37. Rxd3 Rf8 38. Kg1 Rdf6 39. h3 Rf1+
0-1

[Event "Frankfurt Ch B 2017"]
[Site "Ffm-Höchst, BiKuZ"]
[Date "2017.06.12"]
[Round "7.14"]
[White "Hartwig, Horst"]
[Black "Schäfer, Dieter"]
[Result "1-0"]
[WhiteElo "1156"]
[BlackElo "1294"]
[PlyCount "36"]
[EventDate "2017.??.??"]
[WhiteTeam "vereinslos"]
[BlackTeam "SV Ffm-Griesheim"]

1. e4 d5 2. e5 a6 3. d4 Nc6 4. Nf3 Bf5 5. c3 e6 6. Bd3 Bxd3 7. Qxd3 f5 8. exf6
Nxf6 9. Nbd2 Bd6 10. O-O Qd7 11. Re1 O-O-O 12. b4 Na7 13. a4 c6 14. Ng5 Rde8
15. Ndf3 h6 16. Ne5 Qe7 17. Ngf7 Bxe5 18. Nxe5 Qf7 1-0

[Event "Frankfurt Ch B 2017"]
[Site "Ffm-Höchst, BiKuZ"]
[Date "2017.06.12"]
[Round "7.15"]
[White "Czinkota, Michael"]
[Black "Mook, Karl-Jürgen"]
[Result "0-1"]
[WhiteElo "790"]
[BlackElo "1262"]
[PlyCount "58"]
[EventDate "2017.??.??"]
[WhiteTeam "SC Bad Soden"]
[BlackTeam "SC Sulzbach"]

1. e4 c5 2. Nc3 e6 3. Bc4 d6 4. d3 Nc6 5. f4 Na5 6. Bb3 Nxb3 7. axb3 Bd7 8. Nf3
Be7 9. O-O Bf6 10. e5 dxe5 11. fxe5 Be7 12. Be3 b6 13. Qe2 f6 14. Qf2 Qc7 15.
Bf4 Qb7 16. Rae1 O-O-O 17. d4 cxd4 18. Nxd4 Bc5 19. exf6 Nxf6 20. Qe2 Bxd4+ 21.
Kh1 Rhe8 22. Qc4+ Bc6 23. Re2 e5 24. Rfe1 Bxc3 25. bxc3 exf4 26. Rxe8 Rxe8 27.
Rxe8+ Nxe8 28. Qe6+ Qd7 29. Qxd7+ Kxd7 0-1

[Event "Frankfurt Ch B 2017"]
[Site "Ffm-Höchst, BiKuZ"]
[Date "2017.06.12"]
[Round "7.16"]
[White "Henrich, Gerhard"]
[Black "Falk, Aniko Tim"]
[Result "1/2-1/2"]
[WhiteElo "1121"]
[BlackElo "1245"]
[PlyCount "45"]
[EventDate "2017.??.??"]
[WhiteTeam "SV Hofheim"]
[BlackTeam "SK Hungen"]

1. d4 d5 2. Nf3 Bf5 3. e3 Nf6 4. Bd3 Be4 5. Bxe4 Nxe4 6. O-O Qd6 7. Nbd2 Nc6 8.
c3 g6 9. Nxe4 dxe4 10. Nd2 f5 11. a4 O-O-O 12. b4 e5 13. Ba3 Qf6 14. Nb3 exd4
15. cxd4 Nxb4 16. Qd2 Nd3 17. Nc1 Nxc1 18. Rfxc1 Bd6 19. Bxd6 Rxd6 20. Qa5 Rc6
21. Qxa7 Rxc1+ 22. Rxc1 c6 23. Qb6 1/2-1/2

[Event "Frankfurt Ch B 2017"]
[Site "Ffm-Höchst, BiKuZ"]
[Date "2017.06.12"]
[Round "7.17"]
[White "Giebitz, Walter"]
[Black "Al-Butmeh, Firas"]
[Result "1-0"]
[WhiteElo "1212"]
[BlackElo "1195"]
[PlyCount "61"]
[EventDate "2017.??.??"]
[WhiteTeam "SC Steinbach"]
[BlackTeam "SV Lahn Limburg"]

1. e4 c5 2. Nc3 g6 3. Nf3 Bg7 4. d4 cxd4 5. Nxd4 a6 6. Be3 Nc6 7. Qd2 e6 8. Bd3
Nxd4 9. Bxd4 Bxd4 10. Bxa6 Bxc3 11. Qxc3 Qf6 12. Qxf6 Nxf6 13. Bd3 e5 14. O-O
b6 15. f4 d6 16. fxe5 Nd7 17. exd6 Ne5 18. a3 Nxd3 19. cxd3 Ba6 20. Rf3 Rc8 21.
Raf1 Rf8 22. R1f2 Bb7 23. h3 Rd8 24. Rf6 Rd7 25. e5 Bd5 26. Rc2 Rd8 27. d4 Be6
28. Rc7 Rc8 29. Rb7 Rc1+ 30. Kh2 Rc2 31. Re7+ 1-0

[Event "Frankfurt Ch B 2017"]
[Site "Ffm-Höchst, BiKuZ"]
[Date "2017.06.12"]
[Round "7.20"]
[White "Fredershausen, Kurt"]
[Black "Misevich, Saveliy"]
[Result "1-0"]
[WhiteElo "998"]
[BlackElo "1114"]
[PlyCount "65"]
[EventDate "2017.??.??"]
[WhiteTeam "SC Bad Soden"]
[BlackTeam "SC Frankfurt-West"]

1. e4 d6 2. Nf3 Nf6 3. Nc3 g6 4. b3 e5 5. Bb2 Bg7 6. Bc4 Bg4 7. h3 Bxf3 8. Qxf3
Nc6 9. Bb5 O-O 10. Bxc6 bxc6 11. Rd1 c5 12. d3 c6 13. O-O d5 14. Ba3 Qa5 15.
Na4 d4 16. Bxc5 Rfe8 17. Ba3 Nd7 18. Bb2 Nb6 19. Nxb6 axb6 20. a4 Qc5 21. Qe2
b5 22. Ra1 bxa4 23. bxa4 Qb4 24. Rfb1 Reb8 25. Qd1 Bh6 26. Ba3 Qd2 27. Rxb8+
Rxb8 28. Qxd2 Bxd2 29. Bd6 Re8 30. a5 f6 31. a6 Kg7 32. a7 Ra8 33. Bc5 1-0